| 000 | 00406nam a2200145Ia 4500 | ||
|---|---|---|---|
| 005 | 20250729165331.0 | ||
| 008 | 250729s2006 xx 000 0 und d | ||
| 041 | _aeng | ||
| 082 | _a304.6 RAJP | ||
| 100 |
_aManee EA _9221124 |
||
| 245 | _aSchool Management and methids o Teaching | ||
| 260 |
_aNew Delhi _bOrbis Books Sonali Publication _c2006 |
||
| 300 | _a379p | ||
| 650 |
_aPopulation Education _9221125 |
||
| 999 |
_c234864 _d234864 |
||